Eastern Utah Libraries Catalog: Duchesne, Heber, Roosevelt, & Vernal

Becoming an American citizen / (Record no. 224100)

MARC details
000 -LEADER
fixed length control field 00963pam a2200289 i 4500
001 - CONTROL NUMBER
control field sky283477296
003 - CONTROL NUMBER IDENTIFIER
control field SKY
005 - DATE AND TIME OF LATEST TRANSACTION
control field 20170726130333.0
008 - FIXED-LENGTH DATA ELEMENTS--GENERAL INFORMATION
fixed length control field 151221s2017 mnuab j b 001 0 eng
010 ## - LIBRARY OF CONGRESS CONTROL NUMBER
LC control number 2015960488
020 ## - INTERNATIONAL STANDARD BOOK NUMBER
International Standard Book Number 9781680782400
Qualifying information (lib. bdg.)
020 ## - INTERNATIONAL STANDARD BOOK NUMBER
International Standard Book Number 1680782401
Qualifying information (lib. bdg.)
037 ## - SOURCE OF ACQUISITION
Stock number 1408107
Source of stock number/acquisition QBI
040 ## - CATALOGING SOURCE
Original cataloging agency DLC
Language of cataloging eng
Description conventions rda
Transcribing agency DLC
Modifying agency IOrQBI
-- SKYRV
042 ## - AUTHENTICATION CODE
Authentication code pcc
043 ## - GEOGRAPHIC AREA CODE
Geographic area code n-us---
082 04 - DEWEY DECIMAL CLASSIFICATION NUMBER
Classification number 323.60973
Edition number 23
092 ## - LOCALLY ASSIGNED DEWEY CALL NUMBER (OCLC)
Classification number J 323 Mac
099 ## - LOCAL FREE-TEXT CALL NUMBER (OCLC)
Classification number 323.60973 MacCarald, C. 2017
100 1# - MAIN ENTRY--PERSONAL NAME
Personal name MacCarald, Clara,
Dates associated with a name 1979-
9 (RLIN) 5729286
245 10 - TITLE STATEMENT
Title Becoming an American citizen /
Statement of responsibility, etc by Clara MacCarald.
264 #1 - Production, Publication, Distribution, Manufacture, and Copyright Notice.
Place of production, publication, distribution, manufacture Minneapolis, Minnesota :
Name of producer, publisher, distributor, manufacturer Core Library, an imprint of Abdo Publishing,
-- [2017] ©2017
300 ## - PHYSICAL DESCRIPTION
Extent 48 pages :
Other physical details illustrations (some color), map ;
Dimensions 24 cm.
336 ## - Content Type
Content type term text
337 ## - Media type
Media type term unmediated
338 ## - Carrier type
Carrier type term volume
490 1# - SERIES STATEMENT
Series statement American citizenship.
504 ## - BIBLIOGRAPHY, ETC. NOTE
Bibliography, etc Includes bibliographical references and index.
650 #0 - SUBJECT ADDED ENTRY--TOPICAL TERM
Topical term or geographic name as entry element Citizenship
Geographic subdivision United States
Form subdivision Juvenile literature.
9 (RLIN) 5698764
830 #0 - SERIES ADDED ENTRY--UNIFORM TITLE
Uniform title American citizenship.
9 (RLIN) 5729284
907 ## - LOCAL DATA ELEMENT G, LDG (RLIN)
a .b355347970
942 ## - ADDED ENTRY ELEMENTS (KOHA)
Source of classification or shelving scheme Dewey Decimal Classification
Koha item type BOOK
Holdings
Withdrawn status Lost status Source of classification or shelving scheme Damaged status Not for loan Collection code Home library Current library Shelving location Date acquired Cost, normal purchase price Total Checkouts Full call number Barcode Date last seen Cost, replacement price Price effective from Koha item type
    Dewey Decimal Classification     Young Adult NonFiction Wasatch County Library Wasatch County Library Second Floor 06/27/2017 22.95   YA 323.6 Mac 34301001526492 04/26/2024 22.95 03/20/2020 BOOK
This project was made possible through a grant from the Institute of Museum and Library Service administered by the Utah State Library Division.

Wasatch County Library

  • 465 East 1200 South, Heber City, Utah 84032
  • Phone 435-654-1511 | Fax 435-654-6456

Hours

  • Monday - Friday 9:30 AM - 8:00 PM
  • Saturday 9:30 AM - 1:30 PM
  • Closed Sundays and Holidays